00976cam a2200193 i 450000500170000002000180001702000180003508200390005310000290009224501060012126000500022730000250027750400680030250502830037065000310065365000370068465000400072170000210076120260623144023.0 a9781316511497 a978100905594900aR 947.708 6 ARE/U223/eng/202206011 aArel, Dominique,eauthor10aUkraine's unnamed war :bcivil war and Russian intervention /cby Dominique Arel, a ; Jesse Driscoll, a. - UKb: Cambridge ?University pressc, 2023 axi, 273 pages, 23 cm aIncludes bibliographical references ( pages 214-263) and index.0 aUkraine's civil war -- A theory of civil war onset in post-Soviet Eurasia -- Before Maidan -- Regime change (Maidan) -- Irredentist annexation (Crimea) -- The Russian Spring (East Ukraine) -- The war and Russian intervention (Donbas) -- A frozen conflict and a changing Ukraine. 0aRusso-Ukrainian War, 2014- 0aIntervention (International law) 7aPOLITICAL SCIENCE / World / General1 aDriscoll, Jesse,